UBT Library

Human biology / (Record no. 38962)

000 -LEADER
fixed length control field 00747cam a2200241 a 4500
001 - CONTROL NUMBER
control field 17432731
005 - DATE AND TIME OF LATEST TRANSACTION
control field 20171215035554.0
008 - FIXED-LENGTH DATA ELEMENTS--GENERAL INFORMATION
fixed length control field 120816s2014 nyua 001 0 eng
010 ## - LIBRARY OF CONGRESS CONTROL NUMBER
LC control number 2012031773
020 ## - INTERNATIONAL STANDARD BOOK NUMBER
International Standard Book Number 9780073525488 (acidfree paper)
020 ## - INTERNATIONAL STANDARD BOOK NUMBER
International Standard Book Number 0073525480 (hard copy : acidfree paper)
040 ## - CATALOGING SOURCE
Original cataloging agency DLC
Transcribing agency DLC
Modifying agency DLC
041 ## - LANGUAGE CODE
Language code of text/sound track or separate title eng
042 ## - AUTHENTICATION CODE
Authentication code pcc
080 ## - UNIVERSAL DECIMAL CLASSIFICATION NUMBER
Edition identifier 30 ED
Universal Decimal Classification number 612 SYL
082 00 - DEWEY DECIMAL CLASSIFICATION NUMBER
Classification number 612 SYL
Edition number 23
100 1# - Rafti
Rafti 11
101 ## - Shkurtesa
Shkurtesa BIO
245 10 - TITLE STATEMENT
Title Human biology /
Statement of responsibility, etc Sylvia S. Mader, Michael Windelspecht ; with contributions by David Cox.
906 ## - LOCAL DATA ELEMENT F, LDF (RLIN)
a 7
b cbc
c orignew
d 1
e ecip
f 20
g y-gencatlg
942 ## - ADDED ENTRY ELEMENTS (KOHA)
Source of classification or shelving scheme
Item type Books
Holdings
Withdrawn status Lost status Source of classification or shelving scheme Damaged status Not for loan Collection code Permanent location Current location Shelving location Date acquired Total Checkouts Full call number Barcode Date last seen Price effective from Koha item type
          Koleksioni i përgjithshem UBT - Lipjan UBT - Lipjan Koleksioni i përgjithshem 12/15/2017   612 SYL 002-2939102 12/15/2017 12/15/2017 Books
UBT Library © 2015-2024. All rights reserved University Education for Business and Technology